[Event "33. Copenhagen Open (Politiken Cup)"]
[Site "Elsinore"]
[Date "2011.08.03"]
[Round "6"]
[White "Petersen, Tom"]
[Black "Rodvik, Trym Daniel"]
[Result "1/2-1/2"]
[WhiteElo "1997"]
[BlackElo "1843"]
[PlyCount "50"]
[EventDate "2011.07.30"]
[EventType "swiss"]
[EventRounds "10"]
[EventCountry "DEN"]
[Source "ChessBase"]
[SourceDate "2011.08.29"]

1. d4 Nf6 2. Nf3 g6 3. Bf4 Bg7 4. e3 d6 5. Be2 O-O 6. O-O c5 7. c3 Bd7 8. Nbd2
Qb6 9. Qb3 Nc6 10. Qxb6 axb6 11. Nc4 Nd5 12. Bg3 b5 13. Ncd2 b4 14. e4 Nc7 15.
dxc5 bxc3 16. bxc3 Bxc3 17. Rab1 Bxd2 18. Nxd2 Rxa2 19. Rfd1 Na5 20. Ra1 Rxd2
21. Rxd2 Nb3 22. cxd6 Nxd2 23. dxe7 Re8 24. Bxc7 Rxe7 25. f3 Be6 1/2-1/2

[Event "33. Copenhagen Open (Politiken Cup)"]
[Site "Elsinore"]
[Date "2011.08.03"]
[Round "6"]
[White "Petrov, Marian"]
[Black "Matthiesen, Martin"]
[Result "1/2-1/2"]
[WhiteElo "2534"]
[BlackElo "2251"]
[PlyCount "75"]
[EventDate "2011.07.30"]
[EventType "swiss"]
[EventRounds "10"]
[EventCountry "DEN"]
[Source "ChessBase"]
[SourceDate "2011.08.29"]

1. e4 c6 2. d4 d5 3. Nc3 dxe4 4. Nxe4 Bf5 5. Ng3 Bg6 6. h4 h6 7. Nf3 Nd7 8. h5
Bh7 9. Bd3 Bxd3 10. Qxd3 e6 11. Bf4 Ngf6 12. O-O-O Be7 13. Ne5 O-O 14. Kb1 Qb6
15. c4 Rad8 16. Ne2 Nxe5 17. Bxe5 Nd7 18. Bf4 e5 19. dxe5 Nxe5 20. Qc3 Ng4 21.
f3 Nf2 22. Rxd8 Rxd8 23. Be3 Bc5 24. Bxf2 Bxf2 25. Qc2 Qe3 26. Rd1 Bh4 27. Nc3
Rxd1+ 28. Qxd1 Qc5 29. Qd7 Qxh5 30. Ne4 Bf6 31. Kc2 Be5 32. b4 Kh7 33. g4 Qh2+
34. Kd3 f6 35. Qf5+ Kh8 36. Nc5 Qxa2 37. Qc8+ Kh7 38. Qf5+ 1/2-1/2

[Event "33. Copenhagen Open (Politiken Cup)"]
[Site "Elsinore"]
[Date "2011.08.03"]
[Round "6"]
[White "Preuss, Flemming"]
[Black "Barane, Simon"]
[Result "1-0"]
[WhiteElo "1991"]
[BlackElo "1830"]
[PlyCount "67"]
[EventDate "2011.07.30"]
[EventType "swiss"]
[EventRounds "10"]
[EventCountry "DEN"]
[Source "ChessBase"]
[SourceDate "2011.08.29"]

1. c4 Nc6 2. Nc3 e5 3. g3 g6 4. Bg2 Bg7 5. e4 d6 6. d3 Nge7 7. Nge2 O-O 8. O-O
a6 9. a3 Rb8 10. b4 b6 11. b5 Na5 12. a4 Bd7 13. Rb1 Nb7 14. Be3 a5 15. Nd5 Be6
16. Qd2 Qd7 17. f4 f5 18. Nec3 Nc5 19. fxe5 Bxe5 20. d4 Bxd5 21. cxd5 fxe4 22.
dxe5 Nd3 23. e6 Qd8 24. Bxe4 Ne5 25. Bd4 Nf5 26. Bxf5 Rxf5 27. Rxf5 gxf5 28.
Rf1 Qf6 29. Kg2 Qg6 30. Qf4 Ng4 31. Qxf5 Qg7 32. Qf7+ Qxf7 33. Rxf7 Rc8 34.
Rg7+ 1-0

[Event "33. Copenhagen Open (Politiken Cup)"]
[Site "Elsinore"]
[Date "2011.08.03"]
[Round "6"]
[White "Raab, Hendrik"]
[Black "Christiansen, Jens Jorgen"]
[Result "0-1"]
[WhiteElo "1927"]
[BlackElo "2115"]
[PlyCount "68"]
[EventDate "2011.07.30"]
[EventType "swiss"]
[EventRounds "10"]
[EventCountry "DEN"]
[Source "ChessBase"]
[SourceDate "2011.08.29"]

1. d4 d5 2. Nf3 Nf6 3. Bf4 c5 4. c3 Qb6 5. Qb3 Nc6 6. dxc5 Qxc5 7. e3 g6 8. Bd3
Bg7 9. Nbd2 O-O 10. O-O Nh5 11. Bg3 e5 12. e4 Nxg3 13. hxg3 d4 14. Rac1 Qe7 15.
a3 Bh6 16. c4 Be6 17. Qb5 a5 18. Qa4 f5 19. Rc2 f4 20. gxf4 Bxf4 21. c5 g5 22.
Bc4 g4 23. Ne1 g3 24. Ndf3 gxf2+ 25. Kxf2 Kh8 26. Bxe6 Qxe6 27. Ke2 Qg4 28. Kd3
Bg3 29. Qb3 Rab8 30. Re2 Ne7 31. Qb6 Ng6 32. Qxa5 Nf4+ 33. Kd2 Nxe2 34. Kxe2
Qxe4+ 0-1

[Event "33. Copenhagen Open (Politiken Cup)"]
[Site "Elsinore"]
[Date "2011.08.03"]
[Round "6"]
[White "Radice, Luca"]
[Black "Pedersen, Bent O"]
[Result "0-1"]
[WhiteElo "2021"]
[BlackElo "1860"]
[PlyCount "126"]
[EventDate "2011.07.30"]
[EventType "swiss"]
[EventRounds "10"]
[EventCountry "DEN"]
[Source "ChessBase"]
[SourceDate "2011.08.29"]

1. d4 Nf6 2. c4 g6 3. Nc3 d5 4. cxd5 Nxd5 5. Bd2 Bg7 6. e4 Nxc3 7. Bxc3 O-O 8.
h3 c5 9. d5 Bxc3+ 10. bxc3 b6 11. Nf3 Bb7 12. Bc4 Nd7 13. O-O Qc7 14. Qd2 Kg7
15. Rfe1 f6 16. Rad1 Ne5 17. Be2 Rad8 18. Nh2 Nf7 19. Qe3 g5 20. Bg4 Bc8 21.
Bxc8 Qxc8 22. Nf3 h6 23. e5 fxe5 24. Nxe5 Qf5 25. Nc6 Rde8 26. Nxe7 Qf6 27. Qe6
Nd6 28. Qxf6+ Rxf6 29. Nc6 Rxe1+ 30. Rxe1 Rf7 31. Re6 Nb5 32. Ne5 Rf6 33. Re7+
Kf8 34. Rb7 Rf5 35. Ng6+ Ke8 36. c4 Nd6 37. Rxa7 Nxc4 38. Re7+ Kd8 39. Rh7 Rxd5
40. Rxh6 b5 41. h4 Kd7 42. h5 Nd6 43. f4 g4 44. Ne5+ Kc7 45. Rg6 c4 46. Nxg4 c3
47. Ne3 Rxh5 48. f5 Rxf5 49. Rg7+ Kc6 50. Nxf5 Nxf5 51. Rg8 Kd5 52. Rc8 Kd4 53.
Rd8+ Kc4 54. Rc8+ Kd3 55. g4 Nd4 56. g5 Nf3+ 57. Kf2 Nxg5 58. Rd8+ Kc2 59. Ke2
Ne6 60. Rc8 Nf4+ 61. Ke1 Nd3+ 62. Ke2 Nc1+ 63. Ke3 Nxa2 0-1

[Event "33. Copenhagen Open (Politiken Cup)"]
[Site "Elsinore"]
[Date "2011.08.03"]
[Round "6"]
[White "Ramme, Christoph"]
[Black "Tandrup, Michael"]
[Result "1/2-1/2"]
[WhiteElo "2108"]
[BlackElo "1917"]
[PlyCount "54"]
[EventDate "2011.07.30"]
[EventType "swiss"]
[EventRounds "10"]
[EventCountry "DEN"]
[Source "ChessBase"]
[SourceDate "2011.08.29"]

1. d4 d5 2. c4 e6 3. Nc3 Nf6 4. cxd5 exd5 5. Bg5 Be7 6. e3 c6 7. Bd3 Nbd7 8.
Nf3 Nf8 9. Qc2 Ne6 10. Bh4 g6 11. O-O Ng7 12. e4 dxe4 13. Nxe4 Nxe4 14. Bxe7
Qxe7 15. Bxe4 O-O 16. Rfe1 Qb4 17. a3 Qb6 18. Rad1 Bf5 19. d5 cxd5 20. Bxf5
Nxf5 21. Rxd5 Rac8 22. Qd2 Rcd8 23. g4 Rxd5 24. Qxd5 Rd8 25. Qe5 Nd4 26. Nxd4
Rxd4 27. h3 Rd2 1/2-1/2

[Event "33. Copenhagen Open (Politiken Cup)"]
[Site "Elsinore"]
[Date "2011.08.03"]
[Round "6"]
[White "Rasmussen, Arne"]
[Black "Christiansen, Niels Jorgen"]
[Result "1-0"]
[WhiteElo "1409"]
[BlackElo "1768"]
[PlyCount "71"]
[EventDate "2011.07.30"]
[EventType "swiss"]
[EventRounds "10"]
[EventCountry "DEN"]
[Source "ChessBase"]
[SourceDate "2011.08.29"]

1. d4 Nf6 2. Nf3 g6 3. e3 d6 4. Nbd2 Bg7 5. b3 O-O 6. Bb2 c6 7. Be2 Nbd7 8. O-O
Re8 9. a3 Qc7 10. c4 c5 11. Rc1 Nf8 12. d5 Bf5 13. h3 e5 14. Nh2 Qe7 15. Bg4
Nxg4 16. Nxg4 Bd3 17. Re1 e4 18. Bxg7 Kxg7 19. Nb1 f5 20. Nh2 Nd7 21. Qd2 Ne5
22. f4 Bxb1 23. fxe5 Qxe5 24. Rxb1 Rf8 25. Rbc1 f4 26. Qc3 Rae8 27. Qxe5+ Rxe5
28. exf4 Rxf4 29. Re3 Rf8 30. Rf1 Ree8 31. Rf2 h5 32. h4 Rf5 33. Nf1 Kf6 34.
Ng3 Rxf2 35. Kxf2 g5 36. Nxe4+ 1-0

[Event "33. Copenhagen Open (Politiken Cup)"]
[Site "Elsinore"]
[Date "2011.08.03"]
[Round "6"]
[White "Rasmussen, Morten Fredsgaard"]
[Black "Satre, Mathias"]
[Result "1-0"]
[WhiteElo "1931"]
[BlackElo "1756"]
[PlyCount "137"]
[EventDate "2011.07.30"]
[EventType "swiss"]
[EventRounds "10"]
[EventCountry "DEN"]
[Source "ChessBase"]
[SourceDate "2011.08.29"]

1. d4 Nf6 2. Nf3 g6 3. c3 Bg7 4. Bg5 O-O 5. Nbd2 d6 6. e4 Nbd7 7. Bc4 c6 8. O-O
d5 9. Bd3 h6 10. Bxf6 Nxf6 11. e5 Nh5 12. Re1 Qc7 13. g3 Bg4 14. Qc2 e6 15. Kg2
Bf5 16. Bxf5 exf5 17. Nh4 Qe7 18. b4 f4 19. Ndf3 fxg3 20. fxg3 Kh7 21. Re2 Qe6
22. h3 b6 23. Rf1 a5 24. Qd2 Bh8 25. Ref2 axb4 26. cxb4 Ng7 27. Nh2 Ne8 28. Ng4
Bg7 29. Qc2 h5 30. Ne3 Kg8 31. Nf3 Bh6 32. Qd3 Ra7 33. Kh2 f5 34. exf6 Qxf6 35.
Nd1 Qf5 36. Qxf5 Rxf5 37. Ne5 Rxf2+ 38. Rxf2 Kg7 39. Nxc6 Rc7 40. Nd8 Re7 41.
Nc3 Nc7 42. Nc6 Re6 43. Ne5 Re7 44. Re2 Bg5 45. a4 Bf6 46. Nf3 Rd7 47. Ne5 Re7
48. Nc6 Rd7 49. Kg2 Rd6 50. Ne5 Na6 51. b5 Nc7 52. Nc6 Ne6 53. Nxd5 Nxd4 54.
Nxf6 Kxf6 55. Rf2+ Ke6 56. Nxd4+ Rxd4 57. Ra2 Kd5 58. h4 Kc5 59. Rc2+ Kb4 60.
Rc6 Ka5 61. Rxg6 Rxa4 62. Rg5 Rb4 63. Rxh5 Rxb5 64. Rxb5+ Kxb5 65. h5 Kc4 66.
h6 b5 67. h7 b4 68. h8=Q Kb3 69. Qa1 1-0

[Event "33. Copenhagen Open (Politiken Cup)"]
[Site "Elsinore"]
[Date "2011.08.03"]
[Round "6"]
[White "Rauramaa, Julius"]
[Black "Haubro, Sigfred"]
[Result "1/2-1/2"]
[WhiteElo "1904"]
[BlackElo "2164"]
[PlyCount "92"]
[EventDate "2011.07.30"]
[EventType "swiss"]
[EventRounds "10"]
[EventCountry "DEN"]
[Source "ChessBase"]
[SourceDate "2011.08.29"]

1. e4 d5 2. exd5 Qxd5 3. Nc3 Qa5 4. d4 c6 5. Nf3 Nf6 6. Bd2 Qc7 7. Bc4 Bf5 8.
Ne5 e6 9. g4 Be4 10. Nxe4 Nxe4 11. Bf4 Bb4+ 12. c3 Nxc3 13. bxc3 Bxc3+ 14. Kf1
Bxa1 15. Qxa1 Qe7 16. Kg2 Nd7 17. Nxd7 Qxd7 18. d5 O-O 19. dxe6 fxe6 20. Qe5
Rae8 21. Re1 b5 22. Bb3 c5 23. Qd6 Qb7+ 24. Kg1 c4 25. Bd1 Qd5 26. Qe5 a5 27.
h4 Qxe5 28. Bxe5 Rc8 29. a3 Rfd8 30. Bc3 Rd3 31. Bxa5 Rxa3 32. Bb4 Ra1 33. Bc2
Rxe1+ 34. Bxe1 Ra8 35. Kf1 Ra2 36. Be4 Rb2 37. Bc3 Rb3 38. Bd4 b4 39. Ke2 g6
40. f3 Ra3 41. Kd2 Ra2+ 42. Ke3 Rh2 43. Be5 Rh1 44. Kd4 c3 45. Kc4 Rxh4 46.
Kxb4 h5 1/2-1/2

[Event "33. Copenhagen Open (Politiken Cup)"]
[Site "Elsinore"]
[Date "2011.08.03"]
[Round "6"]
[White "Rauramaa, Kari"]
[Black "Diaz, Linda Victoria"]
[Result "1-0"]
[WhiteElo "2217"]
[BlackElo "1988"]
[PlyCount "55"]
[EventDate "2011.07.30"]
[EventType "swiss"]
[EventRounds "10"]
[EventCountry "DEN"]
[Source "ChessBase"]
[SourceDate "2011.08.29"]

1. d4 Nf6 2. c4 e6 3. Nf3 c5 4. e3 cxd4 5. exd4 d5 6. a3 dxc4 7. Bxc4 Qc7 8.
Qe2 a6 9. Nc3 b5 10. Ba2 Bxa3 11. O-O Be7 12. d5 b4 13. dxe6 fxe6 14. Ne4 a5
15. Re1 Nxe4 16. Qxe4 Qc6 17. Qg4 O-O 18. Bh6 Bf6 19. Rac1 Qa4 20. Bxg7 Bxg7
21. Rxc8 Qxa2 22. Rc7 Rf7 23. Rxf7 Kxf7 24. Ng5+ Kg8 25. Qh5 Qa4 26. Qxh7+ Kf8
27. Nxe6+ Ke7 28. Nc5+ 1-0

[Event "33. Copenhagen Open (Politiken Cup)"]
[Site "Elsinore"]
[Date "2011.08.03"]
[Round "6"]
[White "Rehn, Ralf"]
[Black "Johannessen, Leif Erlend"]
[Result "0-1"]
[WhiteElo "2237"]
[BlackElo "2496"]
[PlyCount "58"]
[EventDate "2011.07.30"]
[EventType "swiss"]
[EventRounds "10"]
[EventCountry "DEN"]
[Source "ChessBase"]
[SourceDate "2011.08.29"]

1. d4 Nf6 2. c4 e6 3. Bf4 b6 4. Nc3 Bb4 5. a3 Bxc3+ 6. bxc3 Nc6 7. Nf3 Ne4 8.
Qc2 f5 9. Ne5 Nxe5 10. Bxe5 O-O 11. h4 d6 12. Bf4 Qe7 13. g3 Ba6 14. Bg2 Bxc4
15. O-O Bd5 16. c4 Bb7 17. Rfc1 e5 18. dxe5 dxe5 19. Bg5 Qe6 20. c5 Bd5 21.
cxb6 cxb6 22. Bxe4 Bxe4 23. Qc4 Bd5 24. Qd3 h6 25. Bd2 Rad8 26. Qe3 f4 27. gxf4
Rxf4 28. f3 Qh3 29. Qf2 Rg4+ 0-1

[Event "33. Copenhagen Open (Politiken Cup)"]
[Site "Elsinore"]
[Date "2011.08.03"]
[Round "6"]
[White "Romanishin, Oleg M"]
[Black "Jorgensen, Dennis"]
[Result "1-0"]
[WhiteElo "2526"]
[BlackElo "2231"]
[PlyCount "63"]
[EventDate "2011.07.30"]
[EventType "swiss"]
[EventRounds "10"]
[EventCountry "DEN"]
[Source "ChessBase"]
[SourceDate "2011.08.29"]

1. Nf3 Nf6 2. c4 b6 3. g3 Bb7 4. d4 e6 5. Bg2 Be7 6. Nc3 O-O 7. O-O Ne4 8. Bd2
f5 9. Qc2 Qc8 10. Rad1 d6 11. d5 Nxc3 12. Bxc3 e5 13. b4 Nd7 14. Bh3 g6 15. e4
fxe4 16. Be6+ Kh8 17. Qxe4 Qe8 18. Nd2 Bf6 19. Qe3 Qe7 20. Ne4 Bg7 21. c5 bxc5
22. bxc5 Ba6 23. cxd6 cxd6 24. Bb4 Nc5 25. Nxc5 dxc5 26. Bxc5 Qf6 27. Rfe1 Rfd8
28. Qa3 Rdc8 29. Be7 Rc3 30. Qd6 Qf3 31. Qxa6 Rc2 32. Qf1 1-0

[Event "33. Copenhagen Open (Politiken Cup)"]
[Site "Elsinore"]
[Date "2011.08.03"]
[Round "6"]
[White "Rorvik, Jon Fredrik"]
[Black "Thybo, Jesper Sondergaard"]
[Result "0-1"]
[WhiteElo "2172"]
[BlackElo "1921"]
[PlyCount "80"]
[EventDate "2011.07.30"]
[EventType "swiss"]
[EventRounds "10"]
[EventCountry "DEN"]
[Source "ChessBase"]
[SourceDate "2011.08.29"]

1. c4 Nf6 2. g3 g6 3. Bg2 d5 4. cxd5 Nxd5 5. Nf3 Bg7 6. O-O O-O 7. d3 c6 8.
Nbd2 Nd7 9. Re1 Qc7 10. Rb1 Rd8 11. a3 e5 12. Qc2 a5 13. b3 Nf8 14. Bb2 Ne6 15.
e3 b6 16. Nc4 f6 17. Rbc1 Ba6 18. d4 exd4 19. Nxd4 Nxd4 20. Bxd4 c5 21. Bb2 Bb7
22. e4 Ne7 23. Ne3 Rd6 24. Rcd1 Rad8 25. Qc4+ Kf8 26. Rxd6 Rxd6 27. Ng4 f5 28.
Ne5 Nc6 29. exf5 Nxe5 30. Bxe5 Bxe5 31. Bxb7 Qxb7 32. Qe2 Bf6 33. fxg6 hxg6 34.
Qg4 Kg7 35. h4 Rd4 36. Qe6 a4 37. bxa4 c4 38. g4 Qf3 39. g5 Rg4+ 40. Kf1 Qg2+
0-1

[Event "33. Copenhagen Open (Politiken Cup)"]
[Site "Elsinore"]
[Date "2011.08.03"]
[Round "6"]
[White "Rosenkilde, Alexander"]
[Black "Finnlaugsson, Gunnar"]
[Result "1-0"]
[WhiteElo "2235"]
[BlackElo "2072"]
[PlyCount "75"]
[EventDate "2011.07.30"]
[EventType "swiss"]
[EventRounds "10"]
[EventCountry "DEN"]
[Source "ChessBase"]
[SourceDate "2011.08.29"]

1. d4 Nf6 2. c4 c5 3. d5 b5 4. cxb5 a6 5. bxa6 g6 6. Nc3 Bxa6 7. g3 d6 8. Bg2
Bg7 9. Nf3 Nbd7 10. Rb1 Ng4 11. O-O O-O 12. Re1 Qc7 13. Qc2 Rfb8 14. b3 Rb7 15.
h3 Nge5 16. Nd2 Nb6 17. f4 Ned7 18. e4 Nc8 19. Kh2 Na7 20. a4 Rab8 21. Ba3 Qa5
22. Rec1 Rc8 23. Nd1 Be2 24. Ne3 Nb5 25. Ndc4 Bxc4 26. Nxc4 Nxa3 27. Nxa5 Nxc2
28. Rxc2 Rbc7 29. Bf1 f5 30. exf5 gxf5 31. Bd3 Rf8 32. Nc6 Nb6 33. Bc4 Ra8 34.
a5 Nc8 35. b4 cxb4 36. Rxb4 Na7 37. a6 Kf8 38. Rb7 1-0

[Event "33. Copenhagen Open (Politiken Cup)"]
[Site "Elsinore"]
[Date "2011.08.03"]
[Round "6"]
[White "Rydstrom, Tom"]
[Black "Poulsen, Klaus E"]
[Result "1-0"]
[WhiteElo "1905"]
[BlackElo "2148"]
[PlyCount "53"]
[EventDate "2011.07.30"]
[EventType "swiss"]
[EventRounds "10"]
[EventCountry "DEN"]
[Source "ChessBase"]
[SourceDate "2011.08.29"]

1. e4 e6 2. d4 d5 3. Nc3 Nf6 4. e5 Nfd7 5. f4 c5 6. Nf3 Nc6 7. Be3 b6 8. Qd2
Bb7 9. Be2 Rc8 10. f5 exf5 11. Rd1 cxd4 12. Nxd4 Nxd4 13. Bxd4 Bc5 14. e6 Nf6
15. exf7+ Kxf7 16. O-O Re8 17. Bxc5 Rxc5 18. Rxf5 Kg8 19. Bb5 Re7 20. b4 Rcc7
21. Bd3 Qc8 22. Nb5 Ne4 23. Qf4 Rf7 24. Bxe4 dxe4 25. Rxf7 Rxf7 26. Qxf7+ Kxf7
27. Nd6+ 1-0

[Event "33. Copenhagen Open (Politiken Cup)"]
[Site "Elsinore"]
[Date "2011.08.03"]
[Round "6"]
[White "Salomonsen, Sixten"]
[Black "Jensen, Soren Holm"]
[Result "1/2-1/2"]
[WhiteElo "1742"]
[BlackElo "1984"]
[PlyCount "100"]
[EventDate "2011.07.30"]
[EventType "swiss"]
[EventRounds "10"]
[EventCountry "DEN"]
[Source "ChessBase"]
[SourceDate "2011.08.29"]

1. e4 e5 2. Nc3 Nf6 3. Nf3 Nc6 4. d4 exd4 5. Nxd4 Bb4 6. Nxc6 bxc6 7. Bd3 d5 8.
exd5 cxd5 9. O-O O-O 10. Bg5 c6 11. Qf3 Bd6 12. Rfe1 Rb8 13. Na4 h6 14. Bf4 Rb4
15. Bxd6 Qxd6 16. b3 Be6 17. Rac1 Rd8 18. Nb2 c5 19. c4 d4 20. h3 Rbb8 21. Rcd1
Re8 22. Bf5 Bxf5 23. Qxf5 g6 24. Qf3 Kg7 25. Nd3 a5 26. Nb2 Re6 27. g3 Rbe8 28.
Kf1 Rxe1+ 29. Rxe1 Rxe1+ 30. Kxe1 Qe6+ 31. Kd2 Ne4+ 32. Kc2 Nc3 33. Nd3 Nxa2
34. Nxc5 Qe1 35. Nd3 Qc3+ 36. Kd1 Nb4 37. Ne5 Qc2+ 38. Ke1 Qb1+ 39. Qd1 Qe4+
40. Qe2 Qh1+ 41. Qf1 Qe4+ 42. Qe2 Qb1+ 43. Qd1 Qb2 44. Kf1 f6 45. Nd3 Qc3 46.
Nxb4 axb4 47. Ke2 Qb2+ 48. Qd2 Qxb3 49. Qxd4 Qc2+ 50. Ke3 b3 1/2-1/2

[Event "33. Copenhagen Open (Politiken Cup)"]
[Site "Elsinore"]
[Date "2011.08.03"]
[Round "6"]
[White "Savchenko, Boris"]
[Black "Ruck, Robert"]
[Result "1-0"]
[WhiteElo "2615"]
[BlackElo "2569"]
[PlyCount "91"]
[EventDate "2011.07.30"]
[EventType "swiss"]
[EventRounds "10"]
[EventCountry "DEN"]
[Source "ChessBase"]
[SourceDate "2011.08.29"]

1. e4 c6 2. d4 d5 3. f3 Qb6 4. a4 dxe4 5. a5 Qc7 6. fxe4 e5 7. c3 Nf6 8. Nf3
Bg4 9. dxe5 Bxf3 10. gxf3 Qxe5 11. Nd2 Qh5 12. Nc4 Qh4+ 13. Kd2 Nbd7 14. Qe1
Ne5 15. Nxe5 Qf4+ 16. Kc2 Qxe5 17. Qg3 Qxg3 18. hxg3 Bd6 19. a6 b6 20. Bh3 Bxg3
21. Rg1 Be5 22. f4 Bc7 23. e5 Nh5 24. Bg2 O-O-O 25. Bxc6 g6 26. Be3 Ng7 27. Bf2
Nf5 28. Be4 f6 29. Bxf5+ gxf5 30. Bh4 Rhg8 31. exf6 Rg4 32. Rxg4 fxg4 33. Bg5
Rf8 34. Rg1 Kd7 35. Kd3 Ke6 36. Ke4 Rg8 37. Rh1 g3 38. f5+ Kd7 39. Rxh7+ Kc6
40. f7 Rf8 41. Kf3 Bd6 42. Bh6 Rd8 43. Rg7 Rf8 44. Rg6 Rxf7 45. Bf4 Rd7 46.
Rxd6+ 1-0

[Event "33. Copenhagen Open (Politiken Cup)"]
[Site "Elsinore"]
[Date "2011.08.03"]
[Round "6"]
[White "Sbarra, Marco"]
[Black "Halamus, Agata"]
[Result "1-0"]
[WhiteElo "2266"]
[BlackElo "2076"]
[PlyCount "53"]
[EventDate "2011.07.30"]
[EventType "swiss"]
[EventRounds "10"]
[EventCountry "DEN"]
[Source "ChessBase"]
[SourceDate "2011.08.29"]

1. d4 Nf6 2. c4 g6 3. Nc3 d5 4. Bf4 Bg7 5. Rc1 O-O 6. e3 c5 7. dxc5 Qa5 8. cxd5
Ne4 9. Nge2 Nxc5 10. a3 Ne4 11. f3 Nxc3 12. Nxc3 Rd8 13. Bc4 b5 14. Bb3 b4 15.
axb4 Qxb4 16. O-O a5 17. d6 e5 18. Bg5 Nc6 19. Nd5 Qxd6 20. Rxc6 Qxc6 21. Ne7+
Kf8 22. Qxd8+ Qe8 23. Qxe8+ Kxe8 24. Nxc8 Rxc8 25. Ba4+ Kf8 26. e4 Rc4 27. Rc1
1-0

[Event "33. Copenhagen Open (Politiken Cup)"]
[Site "Elsinore"]
[Date "2011.08.03"]
[Round "6"]
[White "Schandorff, Lars"]
[Black "Rostgaard, Tobias Valentin"]
[Result "1-0"]
[WhiteElo "2497"]
[BlackElo "2184"]
[PlyCount "83"]
[EventDate "2011.07.30"]
[EventType "swiss"]
[EventRounds "10"]
[EventCountry "DEN"]
[Source "ChessBase"]
[SourceDate "2011.08.29"]

1. d4 d5 2. c4 c6 3. Nf3 Nf6 4. Nc3 dxc4 5. a4 Bf5 6. e3 e6 7. Bxc4 Bb4 8. O-O
O-O 9. Qe2 Bg6 10. Ne5 a5 11. Rd1 Nbd7 12. Nxg6 hxg6 13. e4 Qc7 14. e5 Nd5 15.
Ne4 Rfe8 16. Bg5 Be7 17. Qg4 Bxg5 18. Nxg5 Nf8 19. Ra3 f6 20. Nf3 Rad8 21. Nh4
fxe5 22. Nxg6 Nxg6 23. Qxg6 Nf4 24. Qg4 Rxd4 25. Rxd4 exd4 26. g3 b5 27. Bf1 b4
28. Ra1 Nd5 29. Qxd4 e5 30. Qc5 Rf8 31. Bc4 Qf7 32. Rd1 Kh8 33. Bxd5 cxd5 34.
Rxd5 Qf3 35. Rd2 e4 36. Qd4 Rc8 37. Rd1 Kh7 38. Re1 Rc2 39. Qxe4+ Qxe4 40. Rxe4
Rxb2 41. Re5 Rb1+ 42. Kg2 1-0

[Event "33. Copenhagen Open (Politiken Cup)"]
[Site "Elsinore"]
[Date "2011.08.03"]
[Round "6"]
[White "Schmidt, Kristen"]
[Black "Schmied, Andreas"]
[Result "1-0"]
[WhiteElo "2289"]
[BlackElo "2081"]
[PlyCount "99"]
[EventDate "2011.07.30"]
[EventType "swiss"]
[EventRounds "10"]
[EventCountry "DEN"]
[Source "ChessBase"]
[SourceDate "2011.08.29"]

1. e4 e5 2. Nf3 Nc6 3. Bb5 a6 4. Ba4 Nf6 5. Qe2 b5 6. Bb3 Be7 7. c3 d5 8. d3
O-O 9. O-O Bb7 10. Re1 Re8 11. Nbd2 Qd7 12. Nf1 h6 13. a3 Rad8 14. Bc2 Bf8 15.
h3 dxe4 16. dxe4 Na5 17. g4 Nh7 18. Ne3 Qe6 19. Nd2 c5 20. b4 Nc6 21. Kg2 Ne7
22. Kh2 Ng6 23. Ng2 Qf6 24. Nb3 c4 25. Nc5 Bxc5 26. bxc5 Ng5 27. Bxg5 hxg5 28.
a4 Nf4 29. Qe3 Qc6 30. axb5 axb5 31. h4 Nxg2 32. Kxg2 gxh4 33. Rh1 Qf6 34. g5
Qf4 35. Qxf4 exf4 36. Rxh4 Bxe4+ 37. Bxe4 Rxe4 38. Kf3 Re6 39. Rah1 Kf8 40. Rb1
Rd3+ 41. Kxf4 Rxc3 42. Rxb5 Rb3 43. Ra5 Rb7 44. Ra4 Rc7 45. Rxc4 Rec6 46. Ke5
f6+ 47. gxf6 Rxf6 48. Rhf4 Ke7 49. Rxf6 gxf6+ 50. Kd5 1-0

[Event "33. Copenhagen Open (Politiken Cup)"]
[Site "Elsinore"]
[Date "2011.08.03"]
[Round "6"]
[White "Schou Moldt, Thomas"]
[Black "Knudsen, Jes West"]
[Result "1-0"]
[WhiteElo "2167"]
[BlackElo "1960"]
[PlyCount "105"]
[EventDate "2011.07.30"]
[EventType "swiss"]
[EventRounds "10"]
[EventCountry "DEN"]
[Source "ChessBase"]
[SourceDate "2011.08.29"]

1. e4 g6 2. d4 d5 3. exd5 Nf6 4. Be2 Nxd5 5. c4 Nb6 6. Be3 e5 7. Nc3 Bg7 8.
dxe5 Qxd1+ 9. Rxd1 Be6 10. b3 Bxe5 11. Nb5 a6 12. Nd4 Bd7 13. Ngf3 Bg7 14. Bf4
c5 15. Nc2 Bc3+ 16. Kf1 Bf5 17. Ne3 Nc6 18. Nxf5 gxf5 19. g3 O-O 20. Bd6 Rfd8
21. Bxc5 Rxd1+ 22. Bxd1 Nd7 23. Be3 Nf6 24. Kg2 Ne4 25. Bc2 Nb4 26. Bb1 b5 27.
Nh4 bxc4 28. bxc4 Rc8 29. a3 Nc6 30. Nxf5 Nd2 31. Bxd2 Bxd2 32. Rd1 Rd8 33. Be4
Ba5 34. Bd5 Kf8 35. Rd3 Ne7 36. Nxe7 Kxe7 37. Re3+ Kf8 38. Rf3 Rd7 39. Rf6 Ra7
40. c5 Rc7 41. c6 Bc3 42. Rxf7+ Rxf7 43. Bxf7 Be5 44. Bc4 a5 45. f4 Bd6 46. a4
Ke7 47. Kf3 Bc5 48. Bd3 h6 49. g4 Bd6 50. h4 Kf6 51. Ke4 Bc7 52. g5+ Kg7 53. f5
1-0

[Event "33. Copenhagen Open (Politiken Cup)"]
[Site "Elsinore"]
[Date "2011.08.03"]
[Round "6"]
[White "Sjol, Henrik"]
[Black "Bratholm, Palle"]
[Result "1/2-1/2"]
[WhiteElo "1880"]
[BlackElo "2111"]
[PlyCount "41"]
[EventDate "2011.07.30"]
[EventType "swiss"]
[EventRounds "10"]
[EventCountry "DEN"]
[Source "ChessBase"]
[SourceDate "2011.08.29"]

1. d4 Nf6 2. Nf3 e6 3. e3 d5 4. Bd3 c5 5. c3 Nc6 6. Nbd2 Bd6 7. O-O O-O 8. dxc5
Bxc5 9. e4 e5 10. exd5 Qxd5 11. Qc2 Bg4 12. Ng5 h6 13. Nge4 Nxe4 14. Nxe4 Be7
15. f3 Be6 16. Be3 Rac8 17. Qe2 a6 18. Rfd1 Qa5 19. Qf2 Qc7 20. Nc5 Nd8 21.
Nxe6 1/2-1/2

[Event "33. Copenhagen Open (Politiken Cup)"]
[Site "Elsinore"]
[Date "2011.08.03"]
[Round "6"]
[White "Skjoldager, Mikael"]
[Black "Hartvig, Ove Weiss"]
[Result "1-0"]
[WhiteElo "1998"]
[BlackElo "2220"]
[PlyCount "75"]
[EventDate "2011.07.30"]
[EventType "swiss"]
[EventRounds "10"]
[EventCountry "DEN"]
[Source "ChessBase"]
[SourceDate "2011.08.29"]

1. d4 Nf6 2. c4 c5 3. d5 b5 4. cxb5 a6 5. bxa6 g6 6. Nc3 Bxa6 7. g3 d6 8. Bg2
Qa5 9. Bd2 Qc7 10. Nf3 Nbd7 11. Rb1 Bg7 12. O-O O-O 13. b3 Nb6 14. Nh4 Rab8 15.
Qc2 Rfc8 16. Rfd1 Qa7 17. a4 Ne8 18. e4 Nc7 19. Nf3 Bb7 20. Be1 Qa8 21. Bh3 Rf8
22. a5 Nc8 23. Na4 e6 24. b4 exd5 25. Bxc8 Bxc8 26. Nb6 Rxb6 27. axb6 dxe4 28.
bxc7 exf3 29. bxc5 Bf5 30. Qb3 dxc5 31. Qb8 Qc6 32. Rd8 Bd7 33. Bd2 Qe6 34.
Rxf8+ Bxf8 35. Bh6 Bc8 36. Qxc8 Qxc8 37. Rb8 Qh3 38. Rxf8# 1-0